000 00450nam a2200181Ia 4500
001 17085
005 20260306170359.0
008 260306t2007||||xx |||||||||||||| ||und||
041 _aESP
082 _a657.45
_bM39
100 _aMejía Soto, Eutimio
_eAUT
245 0 _aAuditoria finaciera de activos:
_bpapeles de trabajo
260 _c2007
300 _a280 páginas :
_c22 cm.
650 _aGEN
654 _aCCO
942 _cLIB
_dJUS
_fJUS
_2ddc
_n
999 _c17085
_d17085